000 00229 a2200109 4500
001 64471
082 _a891.4393HAM
090 _c38094
_d38094
100 _aHameed A
245 _aBahar Ka Akhri Phool
260 _bSang-e-Meel
942 _aNUST-CAE
_k891.4393HAM
999 _c299544
_d299544